Applications of genetics

Đã lưu trong:
Bibliografiske detaljer
Hovedforfatter: Gregory, Jennifer
Format: Bog
Sprog:Undetermined
Udgivet: Cambridge, UK Cambridge Univ. Press 2000
Fag:
Tags: Tilføj Tag
Ingen Tags, Vær først til at tagge denne postø!
Thư viện lưu trữ: Trung tâm Học liệu Trường Đại học Cần Thơ
LEADER 00500nam a2200193Ia 4500
001 CTU_61415
008 210402s9999 xx 000 0 und d
020 |b 230000 
082 |a 756.5 
082 |b G822 
100 |a Gregory, Jennifer 
245 0 |a Applications of genetics 
245 0 |c Jennifer Gregory 
260 |a Cambridge, UK 
260 |b Cambridge Univ. Press 
260 |c 2000 
650 |a Genetics 
904 |i Minh, Năm 
980 |a Trung tâm Học liệu Trường Đại học Cần Thơ